00341nam a22001217a 4500003000400000082003200004100005600036245003400092260005600126300000800182942001200190999001700202SGT a891.4309bV04M9788123743301 aमिश्र, विद्यानिवास  aवाद्य वृंद  bनेशनल बुक ट्रस्ट c2004 a208 2ddccBK c29680d29680